Tijuana freestyle - Glaive - Statistics

General Stats
  • This quiz has been taken 68 times
  • The average score is 185 of 283
Answer Stats
Answer % Correct
I
91%
a
89%
do
89%
Tijuana
89%
you
89%
the
85%
and
83%
me
83%
don't
81%
from
81%
wanna
81%
fuck
80%
my
80%
give
78%
up
78%
tie
76%
about
74%
father
74%
for
74%
no
74%
what
74%
brother
72%
but
70%
connections
70%
'em
70%
except
70%
pond
70%
dad's
69%
dads
69%
fingers
69%
knees
69%
mom's
69%
to
69%
watch
69%
your
69%
break
67%
got
67%
it
67%
it?
67%
know
67%
is
65%
one
65%
he
63%
make
63%
bitch
61%
gotta
61%
name
61%
'cross
59%
if
59%
barrio
57%
cousins
57%
(huh)
57%
huh
57%
breathe
56%
fade
56%
stop
54%
then
54%
he'll
50%
start
48%
have
46%
resuscitate
43%
be
41%
I'm
41%
i'm
41%
sabes
41%
Spanish
41%
still
41%
saying
39%
they
37%
didn't
35%
teach
35%
plead
33%
could
31%
Pradas
31%
how
30%
in
30%
out
30%
shotgun
30%
mad
28%
stomp
28%
crash
26%
asked
24%
bullshit
24%
down
24%
get
24%
his
24%
shove
24%
throat
24%
anybody
22%
begging
22%
honest
22%
back
20%
it's
19%
couln't
0%
we'd
0%
No matching quizzes found
Score Distribution
Percent of People with Each Score
Percentile by Number Answered
Your Score History
You have not taken this quiz